00000000nam##2200000za#4500
0019.633930
003CaOODSP
00520220901164738
007cr |||||||||||
008150407|2002||||xxc|||||o    f|0| 0 fre|d
040 |aCaOODSP|bfre
043 |an-cn---
0861 |aJ2-246/2002F-PDF
1101 |aCanada.|bJustice Canada.
24510|aProfil de la criminalité dans les villes : |h[ressource électronique]|banalyse statistique multidimensionnelle / |c[Par] Kwing Hung, Chi Nguyen.
260 |aOttawa - Ontario : |bJustice Canada |c2002.
300 |a91p.|btableaux
590 |a07-04-Supp|b2007-06-29
69107|aCrime|2gcpds
69107|aAnalyse statistique|2gcpds
7201 |aHung, Kwing
7201 |aNguyen, Chi
77508|tPatterns of crime in canadian cities : |w(CaOODSP)9.689528
85640|ahttp://publications.gc.ca|qPDF|s374 Ko|uhttps://publications.gc.ca/collections/Collection/J2-246-2002F.pdf